000 00979nam a2200313 a 4500
999 _c9530
_d9530
001 9530
003 BD-JhCC
005 20180318124142.0
008 180318s19551936nyu 001 0 eng d
035 _a(BD-JhCC)9530
040 _aBD-JhCC
_dBD-JhCC
041 _aeng
082 _a810.903
_bBRO 1955.
100 1 _aBrooks, Van Wyck,
_d1886-1963.
245 1 4 _aThe flowering of New England /
_cby Van Wyck Brooks.
260 _aNew York :
_bE.P. Dutton ;
_aLondon :
_bJ.M. Dent,
_c1955.
300 _aviii, 563 p. ;
_c19 cm.
490 1 _aEveryman's library ;
_v645A.
_aEssays and belles lettres
500 _aIncludes index
500 _aFirst published, 1936
504 _aIncludes Index
650 0 _aAmerican literature
_zNew England.
650 0 _aAmerican literature
_y19th century
_xHistory and criticism.
651 0 _aNew England
_xCivilization.
830 0 _aEveryman's library ;
_v645A.
830 0 _aEveryman's library.
942 _2ddc
_cBK